00954 a2200217 4500003000500000005001700005010001600022020002200038040000900060082001700069100002100086245011500107260004700222300003500269490002100304505022800325650005400553650005000607650005900657700002000716NUST20230102180342.0 a 83020380 a0673159094 (pbk.) cNust00a372.1334,JUD1 aJudd, Dorothy H.10aMastering the micro :busing the microcomputer in the elementary classroom /cDorothy H. Judd, Robert C. Judd. aGlenview, Ill. :bScott, Foresman,cc1984. aviii, 152 p. :bill. ;c23 cm.0 aA Good year book aMicrocomputer Instruction (Page-1), Microcomputer Software (Page-33), Teacher – Made Instructional Programs (Page-61), Implications of CAI and CMI (Page-93), What Else Can a Microcomputer Do For Instruction ? (Page-117).  0aComputer-assisted instructionxComputer programs. 0aComputer-assisted instructionzUnited States. 0aEducation, ElementaryzUnited StatesxData processing.1 aJudd, Robert C.